La caricatura en Costa Rica : entre el humor y la reflexión /
Сохранить в:
| Главный автор: | |
|---|---|
| Формат: | Неизвестно |
| Язык: | Spanish |
| Предметы: | |
| Метки: |
Добавить метку
Нет меток, Требуется 1-ая метка записи!
|
MARC
| LEADER | 000000000a22000000004500 | ||
|---|---|---|---|
| 001 | 002490 | ||
| 041 | 0 | |a spa | |
| 100 | 1 | |a Pérez Yglesias, María de los Ángeles | |
| 245 | 1 | 3 | |a La caricatura en Costa Rica : entre el humor y la reflexión / |c María de los Ángeles Pérez Yglesias. |
| 310 | |a trimestral | ||
| 650 | 4 | |a CARICATURA COSTARRICENSE | |
| 650 | 4 | |a ASOCIACION COSTARRICENSE DE CARICATURISTAS E HISTORIETISTAS | |
| 650 | 4 | |a LA PLUMA SONRIENTE | |
| 650 | 4 | |a ASOCIACION HUMORISTAS PLASTICOS DE COSTA RICA | |
| 650 | 4 | |a LA ZARIGUELLA | |
| 650 | 4 | |a COMIC COSTARRICENSE | |
| 650 | 4 | |a HISTORIETA COSTARRICENSE | |
| 650 | 4 | |a TIRAS COMICAS | |
| 773 | 0 | |d España : CEXECI |t Con Eñe: Revista de cultura hispanoamericana |g número 1 (1997), páginas 17-19 | |
| 942 | |c ARC | ||
| 999 | |c 9906 |d 9906 | ||
